LEADER 01134cam0-22003851i-450 001 990006194980403321 005 20190904153305.0 035 $a000619498 035 $aFED01000619498 035 $a(Aleph)000619498FED01 035 $a000619498 100 $a20000112d1974----km-y0itay50------ba 101 0 $aita 102 $aIT 105 $ay---n---001yy 200 1 $aCodice costituzionale della Repubblica italiana$f[a cura di] Leopoldo Elia, Giuseppe Guarino 205 $a2. ediz. interam. rif. 210 $aMilano$cGiuffrè$d1974 215 $a2 v.$d16 cm 225 1 $aCollezione legislativa 327 0 $a1.: Libri 1-3$a2.: Libri 4-9 676 $a342.02638$v20$zita 702 1$aElia,$bLeopoldo$f<1925-2008> 702 1$aGuarino,$bGiuseppe 710 01$aItalia$0423419 801 0$aIT$bUNINA$gRICA$2UNIMARC 901 $aBK 912 $a990006194980403321 952 $aI Z 136$b26384*$b26385*$fFGBC 952 $aXVIII 36 (21)$b100554$b26385*$fFGBC 952 $aZ 29$b1461$fDSS 959 $aFGBC 959 $aDSS 996 $aCodice costituzionale della Repubblica italiana$9195367 997 $aUNINA LEADER 01396nas 2200409 c 450 001 9910893810803321 005 20260218112950.0 035 $a(CKB)5280000000202092 035 $a(DE-599)ZDB2856925-8 035 $a(DE-101)1101961031 035 $a(DE-599)2856925-8 035 $a(EXLCZ)995280000000202092 100 $a20160527a19939999 |y | 101 0 $afre 135 $aur||||||||||| 181 $ctxt$2rdacontent 182 $cc$2rdamedia 183 $acr$2rdacarrier 200 00$aEnque?te de?mographique et de sante? et a? indicateurs multiples (EDSN-MICS ...)$fRe?publique du Niger, Institut Nationale de la Statistique (INS), Ministe?re des Finances 210 31$aCalverton, Maryland$cICF International$dSeptembre 1993- 215 $aOnline-Ressource 300 $aHerausgebendes Organ variiert 517 $aNiger 517 1 $aNiger DHS 517 1 $aNiger: enque?te de?mographique et de sante? et a? indicateurs multiples 608 $aZeitschrift$2gnd-content 676 $a310 676 $a610 712 02$aInstitut national de la statistique$4isb 712 02$aDemographic and Health Surveys Program$4isb 801 0$b0206 801 1$bDE-101 801 2$b9001 906 $aJOURNAL 912 $a9910893810803321 996 $aEnque?te de?mographique et de sante? et a? indicateurs multiples (EDSN-MICS ...)$94262682 997 $aUNINA